000 00720nam a22001817a 4500
005 20231102130124.0
008 231102b |||||||| |||| 00| 0 eng d
020 _a0702151424
041 _aEnglish
082 _a346.6 HAH
100 _aPretorius, JT, Delport, PA, Havenga, M and Vermaas, M
_lEnglish
245 _aHahlo's South African Company Law through the cases :
_ba collection of cases on Company Law with Explanatory Notes and Comments /
_cJT Pretorius, PA Delport, M Havenga and M Vermaas
250 _aSixth Edition
260 _aCape Town :
_bJuta and Company Ltd,
_c1999
300 _bxlviii, 629 pages ;
_c25,5 cm.
650 _aLegal practice
_bLaw
942 _cBK
_6ALISON_BN_VRIES
999 _c257
_d257